• 首页
  • 本馆介绍
  • 公告通知
  • 最新文献
  • 馆藏检索
  • 电子资源
  • 读者导购
  • 参考咨询
  • 我的图书馆
  • 登录
  • 详细信息显示
  • 放入我的书架
  • 预约/预借图书
  • 作者相关作品
  • 分类相关作品
  • 丛书相关作品
  • 出版社相关作品

书目信息

  • 表格格式
  • 工作单格式
  • 卡片格式
题名:
埙演奏法
    
 
作者: 刘宽忍 编著
分册:  
出版信息: 北京   人民音乐出版社  2004
页数: 119页
开本: 30cm
丛书名:
单 册:
中图分类: J632.19
科图分类:
主题词: 民族管乐器 , 吹奏法 , 民族管乐器--吹奏法
电子资源:
ISBN: 7-103-02868-0
000 00800nam0 2200253 450
001 002702408
005 20070805180650.07
010    @a7-103-02868-0@dCNY22.00
100    @a20040809d2004 em y0chiy0110 ea
101 0  @achi
102    @aCN@b110000
105    @aag z 000yy
200 1  @a埙演奏法@9xun yan zou fa@f刘宽忍编著
210    @a北京@c人民音乐出版社@d2004
215    @a119页@c照片@d30cm
330    @a本书共分四部分。书中分别讲述了埙的基本知识,包括埙的历史、种类以及基本吹奏方法;演奏技巧,包括气息、手指以及舌的各种技巧;实际演奏训练以及十孔埙的专门训练等内容。
606 0  @a民族管乐器
606 0  @a吹奏法
606 0  @a民族管乐器@x吹奏法
610 0  @a埙
690    @aJ632.19@v4
701  0 @a刘宽忍@9liu kuan ren@4编著
801  0 @aCN@bNLC@c20070805
905    @a10447@dJ632.19@e61
    
    埙演奏法/刘宽忍编著.-北京:人民音乐出版社,2004
    119页:照片;30cm
    
    
    ISBN 7-103-02868-0:CNY22.00
    本书共分四部分。书中分别讲述了埙的基本知识,包括埙的历史、种类以及基本吹奏方法;演奏技巧,包括气息、手指以及舌的各种技巧;实际演奏训练以及十孔埙的专门训练等内容。
●
相关链接 在E读中查询图书 在五车中查询图书 在当当中查询图书 在豆瓣中查询图书


正题名:埙演奏法     索取号:J632.19/61         预约/预借

序号 登录号 条形码 馆藏地/架位号 状态 备注
1 0805464   208054647   第一样本阅览室/ [索取号:J632.19/61] 在馆    
2 0805465   208054656   第一借阅区/ [索取号:J632.19/61] 在馆    
3 0805466   208054665   第一借阅区/ [索取号:J632.19/61] 在馆    
4 0805467   208054674   第一借阅区/ [索取号:J632.19/61] 在馆    
5 0805468   208054683   音乐系资料室/ [索取号:J632.19/61] 在馆    
唐山师范学院图书馆 欢迎您!
大连网信软件有限公司© 版权所有